Регионална библиотека "Любен Каравелов" - Русе

Народные мастера (Запис номер 115261)

MARC детайли
000 -Лидер
Контролно поле с фиксирана дължина 01061nam a2200265 c 4500
003 - Код на организацията, давaща контролен номер
Контролно поле BLK
005 - Дата и час на последна редакция
Контролно поле 20180413130703.0
008 - Елементи от данни с фиксирана дължина
fixed length control field 180409b bul|||||r ||||||| ||bul||
010 ## - Наследен системен номер
LC control number KNG00120738000
040 ## - Източник на каталожния запис
Идентификатор на билиотеката - собственик на записа BLK
041 ## - Код за език
Код за езика на текст/звукозапис или на отделно заглавие Руски
Код за езика КДБФ Руски
080 ## - УДК
Текстов определител УДК Приложно изкуство. Художествени занаяти. Интериор. Дизайн. Играчки. Худож. пространствено оформление
УДК код - определител по УДК 745/749
УДК определител
УДК - код + определител 745/749
139 ## - Редно поле
Редна дума Народные мастера
Авторски знак Наро - Н 25
245 10 - Сведения за заглавието
Заглавие Народные мастера
Подзаглавни данни Традиции ; Школы : Вып. 1 -
Том Вып. 1
257 ## - Страна на издаване
Страна на създаване/издаване СССР
260 ## - Област на издателските данни
-- Москва
Име на издателя, разпространителя и проч. Изобраз. искусство
Година на издаване 1985
300 ## - Физическа характеристика
Размери/Мащаб 24 см
380 ## - Жанр
Жанр Изкуство
760 1# - Описание на основната серия
Място на издаване, издател и година 1985
Страници - том 296 с. : с ил.
Заглавие Вып. 1
852 ## - Местоположение
Форматна сигнатура Цб 127516
856 4# - Електронен адрес и достъп
Електронен формат pdf - файл
Път до файла /url/
856 4# - Електронен адрес и достъп
Електронен формат pdf - файл
Път до файла /url/
942 ## - АРТИКУЛИ
Вид на библиотечния материал Книги
Скрит в OPAC Не
944 ## - СЪЗДАВАНЕ И РЕДАКЦИЯ на ЗАПИСА
Създаване/Редакция Създаване
Дата на регистрацията/редакция 11.01.2011
Статус, дата на статуса добави в АБ / 10.01.2011
Служител, извършил регистрацията/редакцията Наталия_Любомирова
944 ## - СЪЗДАВАНЕ И РЕДАКЦИЯ на ЗАПИСА
Създаване/Редакция Редакция
Дата на регистрацията/редакция 17.11.2015
Статус, дата на статуса добави в АБ / 10.01.2011
Служител, извършил регистрацията/редакцията Нора_Радева
999 ## - СИСТЕМНИ КОНТРОЛНИ НОМЕРА
Koha biblionumber 115261
Koha biblioitemnumber 115261
Наличности
Код за отписване Код за изгубен артикул Източник на класификационната схема Код за повреда Коз за рестрикции Код за отдаване Артикулен № Име на библиотеката - собственик Име на библиотеката, в която се намира в момента Статус (Текущо местоположение) Дата на вписване в системата Местоположение - отдел Цена в лева Инвентарен номер Систематично азбучна сигнатура Баркод Номер на екземпляра Цена в евро Служебна бележка Служебен тип на артикула
  Не е изгубен Universal Decimal Classification Не е повреден без рестрикции заемане за дома 185095 Регионална библиотека "Любен Каравелов" Русе Регионална библиотека "Любен Каравелов" Русе Отдел Изкуство - подръчен фонд 1985-01-01 Отдел Изкуство - подръчен фонд 2.80 438679 745/749/Н 25 120000438679 1 1.43 N: стар фонд Дата: 01.01.1985 Дата инв: 07.06.2012 Бележки инв: * Книги
Vip Innovations Ltd, Rousse, Bulgaria 2025